| 000 | 01722 a2200217 4500 | ||
|---|---|---|---|
| 001 | 54482 | ||
| 005 | 20260407155817.0 | ||
| 008 | 260407a1952 arg spa d | ||
| 003 | AR-UNSa-BCEJYS | ||
| 040 |
_aAR-UNSa-BCEJYS _bspa _cAR-UNSa-BCEJYS |
||
| 080 |
_a657.474.57 _xMétodos de cálculo. Estimación de costos |
||
| 245 | 1 | 0 | _aLos costes y la política de precios |
| 264 | 1 |
_aMadrid : _bAguilar _c1952 |
|
| 300 |
_a351 p. _c22 cm. |
||
| 505 | _aPrimera Parte: DOCTRINA DE LOS COSTES: 1. Introducción y conceptos elementales – 2. Las leyes de capacidad de la agricultura – 3. Las leyes de capacidad de la industria – 4. Los costes de las empresas grandes y pequeñas – 5. Producción conjunta y producción común – 6. Los costes comerciales - - Segunda Parte: POLITICA DE PRECIOS: 7. Forma de mercado y fijación de precios – 8. La competencia perfecta – 9. Los precios estabilizados – 10. La competencia imperfecta – 11. Los precios estabilizados – 12. La diferenciación de los precios - - Tercera Parte: LA POLITICA DE INVERSION Y LA VALORACION: 13. Calculo de las inversiones en nuevos equipos – 14. La valoración – 15. La política de inversión después del establecimiento de la empresa - - Cuarta Parte: LA DISTRIBUCION DE LOS COSTES Y EL CALCULO: 16. Problemas fundamentales de la distribución de los costes – 17. Precios mínimos y precios finales – 18. Las decisiones que afectan a la política de inversión – 19. El beneficio neto – 20. El cálculo de los precios – 21. El control de la explotación. | ||
| 942 | _cBK | ||
| 590 | _aniveau_biblio:m niveau_hierar:0 | ||
| 100 | 1 | _aPedersen, H. Winding | |
| 700 | 1 | _aKoefoed, Arne | |
| 700 | 1 | _aDe Torres, Manuel | |
| 999 |
_c5581 _d5581 |
||